[Event "CAN op"]
[Site "Calgary CAN"]
[Date "2023.07.24"]
[Round "4.30"]
[White "McCoshen, Ricky"]
[Black "Superceanu, Andi"]
[Result "1/2-1/2"]
[WhiteElo "1717"]
[BlackElo "2095"]
[PlyCount "70"]
[EventDate "2023.07.22"]
[EventType "swiss"]
[EventRounds "10"]
[EventCountry "CAN"]

1. d4 d5 2. c4 e6 3. Nc3 Nf6 4. Bg5 Be7 5. e3 h6 6. Bxf6 Bxf6 7. Nf3 O-O 8. Rc1
b6 9. cxd5 exd5 10. Bd3 c5 11. dxc5 Be6 12. cxb6 Qxb6 13. Qd2 Nd7 14. O-O Nc5
15. Bb1 Ne4 16. Bxe4 dxe4 17. Nd4 Rfd8 18. Na4 Qd6 19. Nc5 Qd5 20. b3 Bxd4 21.
exd4 Qxd4 22. Qxd4 Rxd4 23. Nxe6 fxe6 24. Rc6 a5 25. Rc4 e5 26. h3 a4 27. Re1
axb3 28. axb3 Rb8 29. Rxe4 Rxe4 30. Rxe4 Rxb3 31. Rxe5 Kf7 32. Re3 Rb1+ 33. Kh2
g5 34. Kg3 Rb4 35. f3 Rb2 1/2-1/2

[Event "CAN op"]
[Site "Calgary CAN"]
[Date "2023.07.24"]
[Round "4.31"]
[White "Mok, Erwin"]
[Black "Su, Ethan"]
[Result "1/2-1/2"]
[WhiteElo "1694"]
[BlackElo "2071"]
[PlyCount "113"]
[EventDate "2023.07.22"]
[EventType "swiss"]
[EventRounds "10"]
[EventCountry "CAN"]

1. d4 Nf6 2. c4 e6 3. Nc3 d5 4. Bg5 dxc4 5. e3 a6 6. Bxc4 b5 7. Bd3 Bb7 8. Nf3
c5 9. dxc5 Bxc5 10. O-O Nbd7 11. Be4 Qb6 12. Bxb7 Qxb7 13. a3 Be7 14. Qe2 O-O
15. Rfd1 Nb6 16. Ne5 Rfc8 17. Na2 Rc5 18. Bf4 Nbd5 19. Bg3 Ne4 20. Qf3 f5 21.
Nc1 Rc2 22. Ncd3 Ng5 23. Qh5 Nxe3 24. Nf4 Nxd1 25. Rxd1 Bf6 26. Nd7 Qc6 27.
Nxf6+ gxf6 28. h4 Ne4 29. Qh6 Rc1 30. Rxc1 Qxc1+ 31. Kh2 e5 32. f3 Nxg3 33.
Qxf6 Qh1+ 34. Kxg3 exf4+ 35. Kf2 Re8 36. Qg5+ Kh8 37. Qf6+ Kg8 38. Qg5+ Kf7 39.
Qxf5+ Ke7 40. Qe5+ Kd7 41. Qd5+ Kc7 42. Qf7+ Kd8 43. Qd5+ Ke7 44. Qe5+ Kd7 45.
Qd5+ Kc7 46. Qf7+ Kd6 47. Qxe8 Qxh4+ 48. Ke2 Qf6 49. Qb8+ Kd5 50. Qg8+ Qe6+ 51.
Qxe6+ Kxe6 52. b4 Kd5 53. Kd3 Ke5 54. Kc3 Kd5 55. Kd3 Ke5 56. Kc3 Kd5 57. Kd3
1/2-1/2

[Event "CAN op"]
[Site "Calgary CAN"]
[Date "2023.07.24"]
[Round "4.32"]
[White "Zhong, Ryan Yunhui"]
[Black "Ramalho, David"]
[Result "1-0"]
[WhiteElo "2017"]
[BlackElo "1803"]
[PlyCount "53"]
[EventDate "2023.07.22"]
[EventType "swiss"]
[EventRounds "10"]
[EventCountry "CAN"]

1. e4 c5 2. Nf3 d6 3. Bb5+ Bd7 4. Bxd7+ Nxd7 5. O-O Ngf6 6. Re1 e5 7. c3 g6 8.
d4 Bg7 9. dxc5 Nxc5 10. Bg5 h6 11. Bxf6 Qxf6 12. Na3 O-O 13. Nc4 Qe6 14. Na5 b5
15. Qd2 f5 16. exf5 gxf5 17. Rad1 Ne4 18. Qd5 Qxd5 19. Rxd5 a6 20. Nh4 Rf6 21.
Nxf5 Nxf2 22. Nxd6 Rd8 23. Nab7 Rd7 24. Rexe5 Bf8 25. Ne4 Nh3+ 26. gxh3 Rg7+
27. Rg5 1-0

[Event "CAN op"]
[Site "Calgary CAN"]
[Date "2023.07.24"]
[Round "4.34"]
[White "Wang, Andy"]
[Black "Zhao, Erin"]
[Result "1-0"]
[WhiteElo "1960"]
[BlackElo "1613"]
[PlyCount "105"]
[EventDate "2023.07.22"]
[EventType "swiss"]
[EventRounds "10"]
[EventCountry "CAN"]

1. e4 c5 2. Nf3 Nc6 3. d4 cxd4 4. Nxd4 Nf6 5. Nc3 e6 6. Ndb5 Bb4 7. a3 Bxc3+ 8.
Nxc3 d5 9. exd5 Nxd5 10. Nxd5 Qxd5 11. Qxd5 exd5 12. Be3 O-O 13. O-O-O Be6 14.
Be2 Rac8 15. Bd4 Rfd8 16. g4 f5 17. h3 Re8 18. Rhe1 fxg4 19. hxg4 Bf7 20. Bc3
Red8 21. Bd3 d4 22. Bd2 Bd5 23. Be4 Bxe4 24. Rxe4 d3 25. c3 Nd4 26. Be3 Nb3+
27. Kb1 b6 28. Ka2 Nc5 29. Bxc5 bxc5 30. c4 Rc7 31. Kb3 Rb7+ 32. Ka2 Rf8 33. f4
g5 34. Rxd3 gxf4 35. Rf3 Rbf7 36. b4 cxb4 37. axb4 Rb8 38. c5 a5 39. Rfxf4 Rxf4
40. Rxf4 axb4 41. Kb3 Rb5 42. c6 Rc5 43. Rc4 Rxc4 44. Kxc4 Kf7 45. c7 Kg6 46.
c8=Q Kg5 47. Qf5+ Kh4 48. Kd4 b3 49. Ke4 Kg3 50. Qf3+ Kh2 51. Ke3 b2 52. Kf2 h5
53. Qg2# 1-0

[Event "CAN op"]
[Site "Calgary CAN"]
[Date "2023.07.24"]
[Round "4.35"]
[White "Gao, Lucy"]
[Black "Yu, Ryan"]
[Result "1-0"]
[WhiteElo "1933"]
[BlackElo "1540"]
[PlyCount "61"]
[EventDate "2023.07.22"]
[EventType "swiss"]
[EventRounds "10"]
[EventCountry "CAN"]

1. e4 d5 2. exd5 Nf6 3. d4 Bg4 4. Nf3 Qxd5 5. Be2 e6 6. a3 Nc6 7. h3 Bh5 8. Nc3
Qa5 9. Bd2 O-O-O 10. g4 Nxg4 11. b4 Qf5 12. hxg4 Bxg4 13. Nh4 Bxe2 14. Nxe2 Qd5
15. Rg1 Nxd4 16. Bg5 f6 17. Be3 Qe4 18. Nxd4 Qxh4 19. Qe2 Qe4 20. O-O-O Rd6 21.
Nb5 Ra6 22. Nxa7+ Rxa7 23. Qb5 b6 24. Bxb6 c6 25. Qh5 g6 26. Qh2 Rd7 27. Rxd7
Kxd7 28. Qc7+ Ke8 29. Rd1 Be7 30. Bc5 Bxc5 31. Rd8# 1-0

[Event "CAN op"]
[Site "Calgary CAN"]
[Date "2023.07.24"]
[Round "4.36"]
[White "Gibson, Leroy"]
[Black "Rekhson, Vladislav"]
[Result "0-1"]
[WhiteElo "1686"]
[BlackElo "2146"]
[PlyCount "62"]
[EventDate "2023.07.22"]
[EventType "swiss"]
[EventRounds "10"]
[EventCountry "CAN"]

1. Nf3 Nf6 2. c4 c5 3. Nc3 Nc6 4. d4 cxd4 5. Nxd4 e6 6. Bg5 Bc5 7. e3 O-O 8. a3
a5 9. Be2 Be7 10. O-O Qb6 11. Ncb5 d5 12. cxd5 Nxd5 13. Bxe7 Ncxe7 14. Qd2 e5
15. Nf3 e4 16. Nfd4 f5 17. Rfc1 Bd7 18. a4 f4 19. exf4 Nxf4 20. Bc4+ Kh8 21.
Ne2 Nh3+ 22. gxh3 Qxf2+ 23. Kh1 Bxh3 24. Qg5 Qf3+ 25. Kg1 Ra6 26. Nf4 Rxf4 27.
Be2 Qxe2 28. Rc8+ Bxc8 29. Qxf4 Rg6+ 30. Qg3 Rxg3+ 31. hxg3 Bh3 0-1

[Event "CAN op"]
[Site "Calgary CAN"]
[Date "2023.07.24"]
[Round "4.37"]
[White "Yam, Alex"]
[Black "Sasata, Alexander"]
[Result "1-0"]
[WhiteElo "2362"]
[BlackElo "1736"]
[PlyCount "67"]
[EventDate "2023.07.22"]
[EventType "swiss"]
[EventRounds "10"]
[EventCountry "CAN"]

1. e4 e5 2. Nc3 Nf6 3. g3 d5 4. exd5 Nxd5 5. Bg2 Nxc3 6. bxc3 Nc6 7. Nf3 Bd6 8.
O-O O-O 9. d4 Bf5 10. Rb1 Rb8 11. Be3 exd4 12. Nxd4 Nxd4 13. cxd4 b6 14. Rb2
Qd7 15. c4 h5 16. c5 bxc5 17. Rxb8 Rxb8 18. dxc5 Be5 19. Qxh5 Rb1 20. h4 Rb8
21. c6 Qe6 22. Qf3 Rb4 23. Qd5 Ra4 24. Re1 f6 25. Bf4 Kf7 26. Qb5 Rd4 27. Bxe5
Bd3 28. Qa5 fxe5 29. Qxc7+ Kf6 30. Bh3 Bf5 31. Bxf5 Qxf5 32. Qxa7 Rg4 33. c7 e4
34. Qa6+ 1-0

[Event "CAN op"]
[Site "Calgary CAN"]
[Date "2023.07.24"]
[Round "4.38"]
[White "Kapra, Jerjis"]
[Black "Wharton, Kayode"]
[Result "1-0"]
[WhiteElo "2198"]
[BlackElo "1728"]
[PlyCount "95"]
[EventDate "2023.07.22"]
[EventType "swiss"]
[EventRounds "10"]
[EventCountry "CAN"]

1. e4 e5 2. Nf3 Nc6 3. d4 exd4 4. Bc4 d6 5. Nxd4 Ne5 6. Be2 Nf6 7. Nc3 a6 8.
O-O c5 9. Nb3 Be7 10. a4 O-O 11. f4 Nc6 12. Be3 Be6 13. Bf3 Bc4 14. Rf2 Bxb3
15. cxb3 Qb6 16. g4 Rfd8 17. g5 Ne8 18. Nd5 Qa7 19. b4 b6 20. a5 bxa5 21. bxc5
dxc5 22. Qa4 Nb4 23. Qxa5 Nxd5 24. exd5 Bd6 25. b4 Bc7 26. Qa4 Bb6 27. d6 Nxd6
28. Bxa8 Rxa8 29. Qc6 Nf5 30. bxc5 Bc7 31. Rfa2 a5 32. Qe4 Nxe3 33. Qxe3 Bd6
34. Rc1 Rc8 35. Rac2 g6 36. Kf2 Bc7 37. Rc4 Rb8 38. Re4 Qa8 39. Re1 Qd5 40. Qd4
Qc6 41. Kg3 Rb3+ 42. R1e3 Rb8 43. Qa4 Bxf4+ 44. Kxf4 Qc7+ 45. Kf3 Qb7 46. c6
Qa8 47. c7 Rc8 48. Kg3 1-0

[Event "CAN op"]
[Site "Calgary CAN"]
[Date "2023.07.24"]
[Round "4.39"]
[White "Yin, Zeming"]
[Black "Boehmer, Kris"]
[Result "1/2-1/2"]
[WhiteElo "1748"]
[BlackElo "2142"]
[PlyCount "49"]
[EventDate "2023.07.22"]
[EventType "swiss"]
[EventRounds "10"]
[EventCountry "CAN"]

1. e4 c6 2. d4 d5 3. exd5 cxd5 4. Bd3 Nc6 5. c3 Nf6 6. Bf4 Bg4 7. Qb3 Qd7 8.
Nd2 e6 9. Ngf3 Bd6 10. Bg3 O-O 11. O-O Bh5 12. Rfe1 Bg6 13. Qc2 Rfc8 14. Bxg6
hxg6 15. Qd3 b5 16. Ne5 Qc7 17. Qxb5 Ne7 18. Nd3 Nf5 19. Bxd6 Nxd6 20. Qa4 Rab8
21. Qc2 Nf5 22. Qd1 g5 23. Qe2 a5 24. g3 g6 25. Kg2 1/2-1/2

[Event "CAN op"]
[Site "Calgary CAN"]
[Date "2023.07.24"]
[Round "4.40"]
[White "Radic, Dejan"]
[Black "Chacon, Jose Eduardo"]
[Result "1-0"]
[WhiteElo "1746"]
[BlackElo "1983"]
[PlyCount "59"]
[EventDate "2023.07.22"]
[EventType "swiss"]
[EventRounds "10"]
[EventCountry "CAN"]

1. e4 e6 2. d3 d5 3. Nd2 c5 4. g3 Nc6 5. Bg2 Be7 6. Ngf3 Nf6 7. O-O O-O 8. e5
Ng4 9. Re1 h5 10. h3 Nh6 11. Nf1 Nf5 12. h4 Qb6 13. c3 Re8 14. Ng5 g6 15. Qe2
Qc7 16. Bf4 b5 17. Ne3 Nxe3 18. Qxe3 Bf8 19. Qe2 Bg7 20. g4 hxg4 21. Bg3 Rf8
22. Bxd5 Bd7 23. Bg2 Rac8 24. Rad1 Qa5 25. Qxg4 Rfe8 26. h5 gxh5 27. Qxh5 Re7
28. Nh7 Be8 29. Nf6+ Kf8 30. Qh7 1-0

[Event "CAN op"]
[Site "Calgary CAN"]
[Date "2023.07.24"]
[Round "4.41"]
[White "Zou, Alex"]
[Black "Heran-Boily, Samuel"]
[Result "0-1"]
[WhiteElo "1742"]
[BlackElo "1936"]
[PlyCount "162"]
[EventDate "2023.07.22"]
[EventType "swiss"]
[EventRounds "10"]
[EventCountry "CAN"]

1. c4 e5 2. Nc3 Nf6 3. g3 g6 4. Bg2 Bg7 5. d3 O-O 6. Nf3 d6 7. O-O Nc6 8. Bd2
Be6 9. e4 h6 10. h3 Kh7 11. a3 a5 12. Nb5 Ne7 13. b4 c6 14. Nc3 Qd7 15. Kh2
axb4 16. axb4 Nfg8 17. Ng1 f5 18. f3 f4 19. g4 Nf6 20. Qc2 g5 21. Nge2 Qc7 22.
b5 Nd7 23. Rfb1 Nc5 24. Na4 Nxa4 25. Rxa4 Rxa4 26. Qxa4 Qb6 27. Nc3 Qd4 28. Qc2
Ra8 29. Be1 Ra3 30. bxc6 bxc6 31. Rc1 Qa7 32. Rb1 Kg6 33. Qb2 Kf6 34. Bf2 Qa5
35. Be1 Qa6 36. Kg1 d5 37. cxd5 cxd5 38. Bf1 d4 39. Nd1 Nc6 40. Qc1 Bf8 41. Qb2
Bb3 42. Nf2 Bb4 43. Bxb4 Nxb4 44. Be2 Bc2 45. Rf1 Rb3 46. Qa1 Qxa1 47. Rxa1
Bxd3 48. Bxd3 Nxd3 49. Nxd3 Rxd3 50. Ra6+ Ke7 51. Ra5 Ke6 52. Kf2 Re3 53. Rd5
Ra3 54. Ke2 Ra2+ 55. Kf1 Rh2 56. Rd8 Rxh3 57. Kg2 Rh4 58. Rh8 Kf7 59. Rh7+ Kg6
60. Re7 Kf6 61. Rh7 Ke6 62. Rh8 Kd7 63. Rh7+ Kd6 64. Rh8 Kc5 65. Re8 Kd6 66.
Rh8 Kc5 67. Re8 Kc4 68. Rxe5 d3 69. Rd5 h5 70. gxh5 Rxh5 71. Kf2 Rh2+ 72. Ke1
Kc3 73. Rc5+ Kd4 74. Rxg5 Ke3 75. Rg1 Kxf3 76. e5 Re2+ 77. Kd1 Rxe5 78. Kd2 Re3
79. Rf1+ Ke4 80. Rf2 f3 81. Rf1 Re2+ 0-1

[Event "CAN op"]
[Site "Calgary CAN"]
[Date "2023.07.24"]
[Round "4.42"]
[White "Zhang, Brian"]
[Black "Wong, Ford"]
[Result "1-0"]
[WhiteElo "1926"]
[BlackElo "1721"]
[PlyCount "47"]
[EventDate "2023.07.22"]
[EventType "swiss"]
[EventRounds "10"]
[EventCountry "CAN"]

1. e4 d6 2. d4 Nf6 3. Nc3 g6 4. Nf3 Bg7 5. Bf4 c6 6. Qd2 Qa5 7. O-O-O Na6 8. e5
dxe5 9. dxe5 Nd7 10. Bc4 Nac5 11. Rhe1 Ne6 12. Bxe6 fxe6 13. Bh6 O-O 14. Bxg7
Kxg7 15. Qg5 Rf7 16. Rd4 h6 17. Qg4 Rf5 18. Nh4 Rg5 19. Qxe6 Nxe5 20. Qxe7+ Nf7
21. f4 Rg4 22. Rd6 Rxh4 23. Qf6+ Kf8 24. Re7 1-0

[Event "CAN op"]
[Site "Calgary CAN"]
[Date "2023.07.24"]
[Round "4.43"]
[White "Williamson, Jason"]
[Black "Deepak, Laksshana"]
[Result "0-1"]
[WhiteElo "1890"]
[BlackElo "1681"]
[PlyCount "46"]
[EventDate "2023.07.22"]
[EventType "swiss"]
[EventRounds "10"]
[EventCountry "CAN"]

1. e4 c5 2. Nf3 a6 3. d4 cxd4 4. Nxd4 Nf6 5. Nc3 e5 6. Nf3 Bb4 7. Bd2 O-O 8.
Bd3 d5 9. Nxd5 Bxd2+ 10. Qxd2 Nxd5 11. exd5 e4 12. O-O-O exd3 13. Qxd3 Qd6 14.
Qd4 Nd7 15. Rhe1 b5 16. h4 Bb7 17. b3 Rac8 18. Ng5 Nf6 19. Re5 Rfd8 20. Qf4 Qc7
21. Rd2 Rxd5 22. Rf5 Qc3 23. Kd1 Qxc2+ 0-1

[Event "CAN op"]
[Site "Calgary CAN"]
[Date "2023.07.24"]
[Round "4.44"]
[White "Alpuri, Aaqil"]
[Black "Bince, Rolando"]
[Result "0-1"]
[WhiteElo "1704"]
[BlackElo "1881"]
[PlyCount "82"]
[EventDate "2023.07.22"]
[EventType "swiss"]
[EventRounds "10"]
[EventCountry "CAN"]

1. d4 Nf6 2. c4 e6 3. Nf3 Bb4+ 4. Bd2 Be7 5. Nc3 b6 6. e3 Bb7 7. Bd3 O-O 8. O-O
d5 9. Rc1 Nbd7 10. cxd5 exd5 11. a3 a6 12. Ne2 Bd6 13. Bc3 Re8 14. Nh4 Ne4 15.
Nf5 Bf8 16. Nfg3 Ndf6 17. Qe1 c6 18. Bb4 c5 19. Bc3 c4 20. Bc2 Bd6 21. Nxe4
Nxe4 22. Bb4 Bc7 23. Bd2 Re6 24. Nc3 Bxh2+ 25. Kh1 Qh4 26. g3 Bxg3+ 27. Kg2
Bxf2 28. Rxf2 Rg6+ 29. Kf1 Qh3+ 30. Ke2 Qh5+ 31. Kf1 Ng3+ 32. Kg2 Nf5+ 33. Kf1
Qh3+ 34. Ke2 Qg4+ 35. Kf1 Qh3+ 36. Ke2 Qh5+ 37. Kf1 Ng3+ 38. Kg2 Nf5+ 39. Kf1
Qh3+ 40. Ke2 Nxd4+ 41. Kd1 Nf3 0-1

[Event "CAN op"]
[Site "Calgary CAN"]
[Date "2023.07.24"]
[Round "4.45"]
[White "Xu, Philip"]
[Black "Miller, Brian"]
[Result "1/2-1/2"]
[WhiteElo "1878"]
[BlackElo "1677"]
[PlyCount "85"]
[EventDate "2023.07.22"]
[EventType "swiss"]
[EventRounds "10"]
[EventCountry "CAN"]

1. c4 c5 2. Nc3 Nc6 3. Nf3 Nf6 4. e3 d6 5. d4 cxd4 6. exd4 g6 7. Be2 Bg7 8. O-O
O-O 9. a3 a5 10. h3 e6 11. Rb1 b6 12. Bf4 Bb7 13. Bh2 Ne7 14. Nb5 Ne8 15. Qd2
Nf5 16. b3 Be4 17. Rbc1 Nc7 18. Nxc7 Qxc7 19. c5 e5 20. cxd6 Qxd6 21. dxe5 Qxa3
22. Ng5 Rad8 23. Qc3 Bd5 24. Rb1 Rc8 25. Qd3 Rfd8 26. Rfd1 Qe7 27. Qb5 Bc6 28.
Rxd8+ Qxd8 29. Qa6 Ra8 30. Qc4 Bd5 31. Qg4 Qe7 32. Nf3 Rd8 33. Bc4 Bxf3 34.
Qxf3 Bxe5 35. Bxe5 Qxe5 36. Qb7 Qf6 37. Re1 Rd6 38. Qb8+ Kg7 39. Qc7 h5 40. Qb7
Nh6 41. Qb8 Rd2 42. Rf1 Nf5 43. Qf4 1/2-1/2

[Event "CAN op"]
[Site "Calgary CAN"]
[Date "2023.07.24"]
[Round "4.46"]
[White "Raman, Shanker"]
[Black "Karmali, Hafiz"]
[Result "0-1"]
[WhiteElo "1601"]
[BlackElo "1869"]
[PlyCount "77"]
[EventDate "2023.07.22"]
[EventType "swiss"]
[EventRounds "10"]
[EventCountry "CAN"]

1. d4 Nf6 2. c4 e5 3. dxe5 Ng4 4. Nf3 Bc5 5. e3 Nc6 6. Nc3 Ncxe5 7. Nxe5 Nxe5
8. Be2 O-O 9. O-O a5 10. Bd2 Ra6 11. Ne4 Ba7 12. Bc3 Qe7 13. Qd5 Ng6 14. c5 Re6
15. Bd3 Ne5 16. Ng3 Nxd3 17. Qxd3 Bxc5 18. Nf5 Qg5 19. Rfd1 Rg6 20. Qe4 c6 21.
Ng3 d5 22. Qe5 Qd8 23. Rac1 Bg4 24. Rd3 Re8 25. Qf4 Bd6 26. Qa4 Qg5 27. Qxa5 h5
28. Bb4 Bxb4 29. Qxb4 h4 30. Qxb7 hxg3 31. hxg3 Be2 32. Rdc3 Bb5 33. Qd7 Rd8
34. Qc7 Rh6 35. b3 Rdd6 36. a4 Be2 37. Rxc6 Qh5 38. f3 Bxf3 39. Qc8+ {
White lost on time} 0-1

[Event "CAN op"]
[Site "Calgary CAN"]
[Date "2023.07.24"]
[Round "4.47"]
[White "Yang, Vincent"]
[Black "Zacharias, Nicholas"]
[Result "0-1"]
[WhiteElo "1670"]
[BlackElo "1843"]
[PlyCount "56"]
[EventDate "2023.07.22"]
[EventType "swiss"]
[EventRounds "10"]
[EventCountry "CAN"]

1. Nf3 d6 2. d4 g6 3. e4 Bg7 4. Bc4 Nf6 5. Nc3 O-O 6. O-O c6 7. Bd3 Nbd7 8. Re1
Qc7 9. Be3 e5 10. dxe5 Nxe5 11. Nxe5 dxe5 12. Qe2 Nh5 13. Bc4 b5 14. Bb3 a5 15.
a3 Ba6 16. Qg4 Nf4 17. Rad1 Rad8 18. Ba2 Bc8 19. Qh4 h6 20. f3 g5 21. Qf2 Rxd1
22. Rxd1 Be6 23. Bxe6 fxe6 24. Bb6 Qf7 25. Bxa5 g4 26. Bb4 gxf3 27. Qg3 Ne2+
28. Nxe2 fxe2 0-1

[Event "CAN op"]
[Site "Calgary CAN"]
[Date "2023.07.24"]
[Round "4.48"]
[White "Hawkshaw, Kevin"]
[Black "Sazon, Omar"]
[Result "0-1"]
[WhiteElo "1840"]
[BlackElo "1642"]
[PlyCount "64"]
[EventDate "2023.07.22"]
[EventType "swiss"]
[EventRounds "10"]
[EventCountry "CAN"]

1. c4 Nf6 2. Nf3 c5 3. Nc3 g6 4. e4 Nc6 5. d4 cxd4 6. Nxd4 d6 7. Be2 Bg7 8. Be3
O-O 9. Qd2 Ng4 10. Bxg4 Bxg4 11. f3 Bd7 12. O-O-O Na5 13. b3 a6 14. Bh6 Rc8 15.
Bxg7 Kxg7 16. h4 h6 17. g4 b5 18. cxb5 axb5 19. Kb1 Rc5 20. Rdg1 Nb7 21. Nd5 e6
22. Qb2 Kh7 23. Ne3 Rc7 24. f4 Nc5 25. f5 Nxe4 26. fxg6+ fxg6 27. g5 Rf7 28.
Ndc2 h5 29. Qd4 Nc3+ 30. Ka1 Ne2 31. Qxd6 Nxg1 32. Nd4 Rc1+ 0-1

[Event "CAN op"]
[Site "Calgary CAN"]
[Date "2023.07.24"]
[Round "4.49"]
[White "Pottinger, Carl"]
[Black "Aluko, Olanrewaju"]
[Result "1-0"]
[WhiteElo "1822"]
[BlackElo "1640"]
[PlyCount "108"]
[EventDate "2023.07.22"]
[EventType "swiss"]
[EventRounds "10"]
[EventCountry "CAN"]

1. d4 d5 2. Nf3 e6 3. Bf4 Bd6 4. Bg3 f5 5. e3 Nf6 6. Nbd2 O-O 7. c4 c6 8. c5
Bc7 9. Bd3 Nbd7 10. O-O Ne4 11. b4 a6 12. a4 Bxg3 13. hxg3 Qf6 14. b5 axb5 15.
axb5 Rxa1 16. Qxa1 g5 17. bxc6 bxc6 18. Qa8 g4 19. Bxe4 dxe4 20. Ne5 Nxe5 21.
dxe5 Qd8 22. Nc4 Qc7 23. Nd6 Bd7 24. Qa2 Kg7 25. Rb1 Rb8 26. Rb3 Rxb3 27. Qxb3
Qd8 28. Qb6 Qe7 29. Qa7 Kf8 30. Qb8+ Kg7 31. Qc7 Kf8 32. Nb7 Be8 33. Qd6 Bd7
34. Na5 Qxd6 35. cxd6 c5 36. Kf1 Bb5+ 37. Ke1 Ke8 38. Nb7 c4 39. Nc5 Kf7 40.
Kd2 Bc6 41. Kc3 Bd5 42. Na4 Bc6 43. Nb6 Bb5 44. Nxc4 Ke8 45. Kb4 Ba6 46. Kc5
Kd8 47. Na5 Kd7 48. Kb6 Bc8 49. Nb3 h5 50. Nc5+ Kd8 51. Nb3 h4 52. gxh4 Bd7 53.
Nc5 Be8 54. Nxe6+ Kd7 1-0

[Event "CAN op"]
[Site "Calgary CAN"]
[Date "2023.07.24"]
[Round "4.50"]
[White "Todd, Nick"]
[Black "Offengenden, Ron"]
[Result "0-1"]
[WhiteElo "1525"]
[BlackElo "1812"]
[PlyCount "56"]
[EventDate "2023.07.22"]
[EventType "swiss"]
[EventRounds "10"]
[EventCountry "CAN"]

1. Nf3 d5 2. c4 e6 3. d4 Nf6 4. Bg5 Be7 5. Nc3 O-O 6. e3 c6 7. Bd3 Nbd7 8. O-O
Re8 9. Qc2 Nf8 10. Rfe1 Ng6 11. a3 Qc7 12. Rac1 dxc4 13. Bxc4 Bd6 14. e4 Bf4
15. Rcd1 Bxg5 16. Nxg5 b5 17. Ba2 Qf4 18. Nh3 Qg4 19. Ne2 Nh4 20. Ng3 Bb7 21.
e5 c5 22. Qe2 Bf3 23. exf6 Bxe2 24. Rxe2 Rad8 25. Rd3 Rxd4 26. f3 Qg6 27. Rde3
Nf5 28. Bb1 Rd1+ 0-1

[Event "CAN op"]
[Site "Calgary CAN"]
[Date "2023.07.24"]
[Round "4.51"]
[White "Xu, Leon"]
[Black "Santelices, Philip"]
[Result "1-0"]
[WhiteElo "1811"]
[BlackElo "1622"]
[PlyCount "65"]
[EventDate "2023.07.22"]
[EventType "swiss"]
[EventRounds "10"]
[EventCountry "CAN"]

1. e4 c5 2. Nf3 d6 3. d4 cxd4 4. Nxd4 Nf6 5. Nc3 e6 6. Be3 a6 7. f3 Be7 8. Qd2
Nc6 9. Be2 Qc7 10. g4 e5 11. Nf5 Bxf5 12. gxf5 h6 13. Rg1 Bf8 14. O-O-O b5 15.
Kb1 Rc8 16. Rc1 Na5 17. Bf2 Nc4 18. Bxc4 Qxc4 19. Bh4 b4 20. Nd1 Qc5 21. Ne3
Nd7 22. c3 b3 23. axb3 Qb5 24. Qd5 f6 25. Qe6+ Kd8 26. Nd5 Rc5 27. Nxf6 Kc7 28.
Nd5+ Kb7 29. c4 Qc6 30. b4 Rxd5 31. cxd5 Qb5 32. Rc6 Nb6 33. Bd8 1-0

[Event "CAN op"]
[Site "Calgary CAN"]
[Date "2023.07.24"]
[Round "4.52"]
[White "Quiring, John"]
[Black "Todd, Adie"]
[Result "0-1"]
[WhiteElo "1799"]
[BlackElo "1618"]
[PlyCount "72"]
[EventDate "2023.07.22"]
[EventType "swiss"]
[EventRounds "10"]
[EventCountry "CAN"]

1. e4 c5 2. Nf3 Nc6 3. d4 cxd4 4. Nxd4 g6 5. Be3 Bg7 6. Nc3 Nf6 7. Qd2 O-O 8.
O-O-O d5 9. f3 dxe4 10. Nxc6 Qxd2+ 11. Rxd2 bxc6 12. Nxe4 Nxe4 13. fxe4 Rb8 14.
c3 Be6 15. b3 c5 16. Kc2 Rfc8 17. Be2 a5 18. Rhd1 h5 19. h3 c4 20. bxc4 Bxc4
21. Bxc4 Rxc4 22. Rd8+ Rxd8 23. Rxd8+ Kh7 24. Bd4 e5 25. Kb3 Rc6 26. Be3 Bh6
27. Bxh6 Kxh6 28. Rd5 a4+ 29. Kb4 f6 30. c4 Kg5 31. c5 Rc8 32. Rd6 f5 33. Re6
Kf4 34. Rxg6 fxe4 35. Kc4 e3 36. Kd3 e4+ 0-1

[Event "CAN op"]
[Site "Calgary CAN"]
[Date "2023.07.24"]
[Round "4.53"]
[White "Lu, Aiden"]
[Black "Gebhardt, David"]
[Result "0-1"]
[WhiteElo "1561"]
[BlackElo "1771"]
[PlyCount "114"]
[EventDate "2023.07.22"]
[EventType "swiss"]
[EventRounds "10"]
[EventCountry "CAN"]

1. e4 c6 2. d4 d5 3. Nc3 dxe4 4. Nxe4 Bf5 5. Ng3 Bg6 6. Nf3 e6 7. c3 Nd7 8. Bd3
Ne7 9. O-O Qc7 10. Re1 O-O-O 11. Bxg6 Nxg6 12. Bg5 Nf6 13. Ne4 Be7 14. Nxf6
gxf6 15. Be3 Bd6 16. Qc2 h5 17. h3 h4 18. Rad1 Rdg8 19. Kh1 Bf4 20. Rg1 Bxe3
21. fxe3 Ne7 22. e4 Rg3 23. Qf2 Kb8 24. Rd2 Qf4 25. e5 Nf5 26. Re1 Rhg8 27. Nh2
Qxf2 28. Rxf2 fxe5 29. dxe5 Ne3 30. Ree2 Nf5 31. Ng4 Rd3 32. Kh2 Rgd8 33. Rf3
Rd1 34. Ne3 Nxe3 35. Rfxe3 Rf1 36. Rf3 Rxf3 37. gxf3 Rd3 38. Kg2 Kc8 39. Kf2
Kd7 40. Re1 Ke7 41. Ke2 Rd5 42. f4 f6 43. exf6+ Kxf6 44. Kf3 Kf5 45. Ke3 e5 46.
Rf1 e4 47. Ke2 Rd3 48. Rh1 Kxf4 49. a4 Rf3 50. c4 Rb3 51. Rf1+ Ke5 52. Rb1 Rxh3
53. b4 Kd4 54. c5 Rh2+ 55. Kd1 Rh1+ 56. Kc2 Rxb1 57. Kxb1 Kc4 0-1

[Event "CAN op"]
[Site "Calgary CAN"]
[Date "2023.07.24"]
[Round "4.54"]
[White "Ming, Jerry"]
[Black "Aird, Ian"]
[Result "1-0"]
[WhiteElo "1756"]
[BlackElo "1881"]
[PlyCount "40"]
[EventDate "2023.07.22"]
[EventType "swiss"]
[EventRounds "10"]
[EventCountry "CAN"]

1. e4 e6 2. d4 d5 3. Bd3 dxe4 4. Bxe4 Nf6 5. Bf3 c5 6. Ne2 Be7 7. O-O O-O 8. c4
Nc6 9. Be3 cxd4 10. Nxd4 Ne5 11. Be2 Bd7 12. Nd2 a6 13. h3 Rc8 14. N4f3 Ng6 15.
Qb3 Qc7 16. Bd3 e5 17. Ne4 Bc6 18. Nxf6+ Bxf6 19. Ng5 Nf4 20. Bxf4 exf4 1-0

[Event "CAN op"]
[Site "Calgary CAN"]
[Date "2023.07.24"]
[Round "4.55"]
[White "Daniluk, Jim"]
[Black "Koo, Minjun"]
[Result "1-0"]
[WhiteElo "1844"]
[BlackElo "1661"]
[PlyCount "77"]
[EventDate "2023.07.22"]
[EventType "swiss"]
[EventRounds "10"]
[EventCountry "CAN"]

1. e4 c5 2. Nc3 Nc6 3. Bc4 e6 4. f4 Nge7 5. Nf3 d5 6. exd5 exd5 7. Be2 d4 8.
Ne4 Nd5 9. O-O Bd6 10. Bc4 Nb6 11. Bxf7+ Kxf7 12. Nfg5+ Kg8 13. Qh5 g6 14. Qf3
h6 15. Nxd6 Qxd6 16. Ne4 Qe7 17. a4 Bg4 18. Qxg4 Qxe4 19. a5 Nc8 20. a6 b6 21.
d3 Qf5 22. Qf3 N8e7 23. Re1 Kf7 24. Bd2 Rae8 25. g4 Qd5 26. Re4 Nc8 27. Rae1
Rxe4 28. dxe4 Qe6 29. f5 Qf6 30. e5 Nxe5 31. Qd5+ Kg7 32. Rxe5 Ne7 33. Qe4 Re8
34. Re6 gxf5 35. gxf5 Qxf5 36. Rxe7+ Qf7 37. Rxf7+ Kxf7 38. Qh7+ Kf6 39. Qxa7
1-0

[Event "CAN op"]
[Site "Calgary CAN"]
[Date "2023.07.24"]
[Round "4.56"]
[White "Usselman, Paul"]
[Black "Gokhale, Tanishka"]
[Result "1-0"]
[WhiteElo "1781"]
[BlackElo "1543"]
[PlyCount "57"]
[EventDate "2023.07.22"]
[EventType "swiss"]
[EventRounds "10"]
[EventCountry "CAN"]

1. d4 d5 2. c4 e6 3. Nf3 Nf6 4. g3 Bb4+ 5. Bd2 Be7 6. Qc2 a6 7. Bg2 dxc4 8.
Qxc4 b5 9. Qc2 Bb7 10. O-O Nbd7 11. Rd1 O-O 12. Bf4 Rc8 13. Nc3 Bd6 14. a3 Bxf4
15. gxf4 Qe7 16. b4 Nb6 17. e4 Rfd8 18. Ne5 Nfd7 19. Nd3 Qh4 20. Qe2 h6 21. Qe3
Nc4 22. Qg3 Qxg3 23. hxg3 Nd6 24. Nc5 Nxc5 25. bxc5 Nc4 26. d5 exd5 27. exd5
Rb8 28. Rd4 Bxd5 29. Rxd5 1-0